000
00328nam a22001457a 4500
008
230911b ||||| |||| 00| 0 eng d
020
_a
0385187041
041
_a
eng
080
_a
53
082
_a
53HER
100
_a
23
101
_a
FIZIK
245
_a
QUANTUM REALITY BEYOND THE NEW PHYSICS
_c
HERBERT .N
942
_2
udc
_c
BK
999
_c
60310
_d
60310